000 00617nam a2200157 a 4500
008 120416s1983 ||||||||||||||||| || u
020 _a0711456208
050 _aHT 166 Moo
100 _aMoor, Nigel
245 1 4 _aThe planner and the worker: an examination of the role of the planner in the development market
260 _aLondon:
_bGeorge Godwin
_c1983
300 _aviii, 211p. : ill.
350 _a0.00
650 _aCITY PLANNING--GREAT BRITAIN--HISTORY
995 _D0.00
_FCBU-MAIN LIBRARY (Kitwe)
_H1
_I21.00
_UAVAILABLE
_ZMain Library Open Access Collection
999 _c53681
_d53681